000 00737nam a2200229 a 4500
001 13568
003 BD-JhCC
005 20240229080744.0
008 240229b2016 bg |||| ||a 000 0 ben d
020 _a984900781226
035 _a(BD-JhCC)13568
040 _aBD-JhCC
_dBD-JhCC
041 _aBengali
082 _a891.443
_bBAN 2016
100 _aবন্দ্যোপাধ্যায়,মানিক
245 _aদিবারাত্রির কাব্য /
_cমানিক বন্দ্যোপাধ্যায় ।
260 _aঢাকা:
_bসুচয়নী পাবলিশার্স;
_c2016.
300 _a127 p. :
_c22 cm
650 _aBengali Novel
942 _2ddc
_cBK
999 _c13568
_d13568